Statistics for College Football Matchups: Kansas State

Click here to take the quiz!

General Stats

  • This quiz has been taken 41 times
  • The average score is 13 of 16

Answer Stats

# of GamesOpponentLast Meeting% Correct
119Kansas11/06/2021
100%
22Texas11/26/2021
97%
19Baylor11/20/2021
94%
105Iowa State10/16/2021
94%
97Missouri10/08/2011
94%
102Oklahoma10/02/2021
94%
68Oklahoma State09/25/2021
94%
16Texas A&M12/28/2016
94%
15TCU10/30/2021
90%
66Colorado11/20/2010
87%
22Texas Tech10/23/2021
87%
95Nebraska10/07/2010
84%
12West Virginia11/13/2021
77%
8Wyoming12/29/1993
52%
18Tulsa09/03/1988
45%
8BYU01/01/1997
42%

Score Distribution

Percentile by Number Answered

Percent of People with Each Score

Your Score History

You have not taken this quiz